000
00178nam a22000857a 4500
001
1258131
005
20260227113159.0
245
_a
MAHŞER
_c
STEPHEN KING
260
_b
ALTIN KİTAPLAR
999
_c
1258131
_d
1258131